Indian and American perspectives on technological developments in the maritime domain and their strategic implications in the Indian Ocean Region / (Record no. 92654)
[ view plain ]
| 000 -LEADER | |
|---|---|
| fixed length control field | 01122nam a22002537a 4500 |
| 005 - DATE AND TIME OF LATEST TRANSACTION | |
| control field | 20150520162902.0 |
| 010 ## - LCCN (DPL NO) | |
| LC control number | ENG-112558 |
| 020 ## - INTERNATIONAL STANDARD BOOK NUMBER | |
| International Standard Book Number | 9789381904770 |
| Terms of availability | 1150.00 |
| 035 ## - SYSTEM CONTROL NUMBER | |
| System control number | EN-96090 |
| 037 ## - SOURCE OF ACQUISITION | |
| Source of stock number/acquisition | DBAD/PUB |
| 082 ## - DEWEY DECIMAL CLASSIFICATION NUMBER | |
| Classification number | 359.00954 |
| 245 00 - TITLE STATEMENT | |
| Title | Indian and American perspectives on technological developments in the maritime domain and their strategic implications in the Indian Ocean Region / |
| Statement of responsibility, etc | edited by Pradeep Kaushiva [and] Kamlesh K. Agnihotri |
| 260 ## - PUBLICATION, DISTRIBUTION, ETC. (IMPRINT) | |
| Place of publication, distribution, etc | New Delhi |
| Name of publisher, distributor, etc | KW Publishers |
| Date of publication, distribution, etc | 2013 |
| 270 ## - ADDRESS | |
| Address | 4676/21, First Floor, Ansari Road, Daryaganj, |
| City | New Delhi |
| Postal code | 110002 |
| 300 ## - PHYSICAL DESCRIPTION | |
| Extent | xviii,158p., 4 unnumbered pages of plates : |
| Dimensions | 24cm(Hb) |
| Other physical details | ill.(chiefly col.) |
| 500 ## - GENERAL NOTE | |
| General note | Contributed articles. |
| 500 ## - GENERAL NOTE | |
| General note | Includes bibliographical references and index. |
| 650 ## - SUBJECT ADDED ENTRY--TOPICAL TERM | |
| Topical term or geographic name as entry element | Naval art and science |
| General subdivision | Technological innovations |
| Geographic subdivision | India. |
| 650 ## - SUBJECT ADDED ENTRY--TOPICAL TERM | |
| Topical term or geographic name as entry element | Naval art and science |
| General subdivision | Technological innovations |
| Geographic subdivision | United States. |
| 650 ## - SUBJECT ADDED ENTRY--TOPICAL TERM | |
| Topical term or geographic name as entry element | Security, International |
| Geographic subdivision | Indian Ocean Region. |
| 700 ## - ADDED ENTRY--PERSONAL NAME | |
| Personal name | Kaushiva, Pradeep |
| 700 ## - ADDED ENTRY--PERSONAL NAME | |
| Personal name | Agnihotri, Kamlesh K. |
| 942 ## - ADDED ENTRY ELEMENTS (KOHA) | |
| Source of classification or shelving scheme | Dewey Decimal Classification |
| Item type | English Books |
| Call number suffix | IND |
| Classification part | 359.00954 |
| Withdrawn status | Lost status | Not for loan | Collection code | Home library | Current library | Date acquired | Source of acquisition | Cost, normal purchase price | Full call number | Barcode | Copy number | Cost, replacement price | Koha item type |
|---|---|---|---|---|---|---|---|---|---|---|---|---|---|
| Not For Loan | Non-fiction | D.B.Act.Division | D.B.Act.Division | 31/03/2015 | DBAD/PUB | 1150.00 | 359.00954 IND | EN-96090 | 1 | 1150.00 | English Books |
